000 00258nam a2200109Ia 4500
999 _c8207
_d8207
020 _a978-8183330084
100 _aIvan Bayross
245 0 _aWeb Enabled Commercial Applications Development Using HTML
260 _aUK
_bBPB
_c2000
300 _a975
942 _cBK